000 00476nam a22001817a 4500
005 20140416104332.0
010 _aENG-109328
020 _a9789350450451
_c150.00
035 _aEN-92861
037 _bDBAD/PUB
082 _aS
100 _aChakarbarti, Ritu
245 _aGleema greeting /
_cby Ritu Chakarbarti
260 _aKolkata
_bWriters Workshop
_c2013
270 _a162/92 Lake Gardens
_bKolkata
_e700045
300 _a99p.
_c22cm(Hb)
942 _2ddc
_cEN
_mCHA
_hS
999 _c82577
_d82577